Celeste: Backgrounds - Statistics

General Stats
  • This quiz has been taken 44 times
  • The average score is 9 of 12
Answer Stats
Picture Answer % Correct
Core
92%
Farewell
82%
Forsaken City
82%
Golden Ridge
82%
Mirror Temple
79%
Summit
79%
Celestial Resort
77%
Summit
74%
Old Site
72%
Reflection
72%
Prologue
64%
Epilogue
56%
No matching quizzes found
Score Distribution
Percent of People with Each Score
Percentile by Number Answered
Your Score History
You have not taken this quiz